Slowenische Lehnwörter in den Dialekten der Siebenbürger Székler

Elmentve itt :
Bibliográfiai részletek
Szerző: Moór Elemér
Dokumentumtípus: Cikk
Megjelent: Oldenbourg München 1960
Sorozat:Südost-Forschungen : internationale Zeitschrift für Geschichte, Kultur und Landeskunde Südosteuropas
Kulcsszavak:Nyelvjárás - magyar - Székelyföld, Székely nyelv - szlovén jövevényszavak, Magyar nyelv - szláv jövevényszavak
Tárgyszavak:
Online Access:http://misc.bibl.u-szeged.hu/61097
LEADER 00965nab a2200229 i 4500
001 misc61097
005 20241015083427.0
008 230418s1960 hu o 000 ger d
040 |a SZTE Miscellanea Repozitórium  |b hun 
041 |a ger 
100 1 |a Moór Elemér 
245 1 0 |a Slowenische Lehnwörter in den Dialekten der Siebenbürger Székler  |h [elektronikus dokumentum] /  |c  Moór Elemér 
260 |a Oldenbourg  |b München  |c 1960 
300 |a 369-379  |c 24 cm 
300 |a [11] p.  |c 24 cm 
490 0 |a Südost-Forschungen : internationale Zeitschrift für Geschichte, Kultur und Landeskunde Südosteuropas 
561 |a Németh Gyula hagyaték 
591 |a NOV 3835 
650 4 |a Bölcsészettudományok 
650 4 |a Nyelvek és irodalom 
695 |a Nyelvjárás - magyar - Székelyföld, Székely nyelv - szlovén jövevényszavak, Magyar nyelv - szláv jövevényszavak 
856 4 0 |u http://misc.bibl.u-szeged.hu/61097/1/3835_nov.pdf  |z Dokumentum-elérés